Leader mondial au pays (années 1940) - Quiz d'images - Statistiques

Statistiques générales
  • Ce quiz a été pris 142 fois
  • Le résultat moyen est 13 sur 18
Statistiques - réponses
Par images Hint Réponse % Correct
Allemagne
99%
France
99%
Union soviétique
98%
États Unis
95%
République populaire de Chine
95%
Royaume-Uni
89%
Japon
88%
République démocratique du Viêt Nam
81%
Tchang Kaï-chek Chine, Gouvernement nationaliste
75%
Italie
74%
Espagne
73%
États Unis
69%
Inde
61%
Royaume-Uni
51%
Ethiopie
48%
France
46%
Carl Gustaf Emil Mannerheim Finlande
30%
Mohammed Zahir Shah Afghanistan
29%
Aucun quiz correspondant
Distribution des résultats
% des personnes avec chaque résultat
Percentile par nombre de réponses
Votre historique - résultats
Vous n’avez pas pris ce quiz